000 01237cam a2200133 4500500
005 20260329064610.0
041 _afre
042 _adc
100 1 0 _aStroobants, Marcelle
_eauthor
245 0 0 _aSociologie du travail
260 _bArmand Colin,
_c2016.
520 _aCet ouvrage met en perspective les épisodes caractéristiques de la mise au travail depuis la révolution industrielle jusqu’aux formes contemporaines de flexibilité. Par la voie des techniques et des organisations, les objectifs de fluidité d’abord associés à l’automatisation industrielle ont pu se généraliser tandis que la logique marchande s’est étendue en même temps. Cette quatrième édition prend acte de la multiplicité et de l’hybridation des formes de production, de la diversification de genre et de la singularité des relations qui se nouent autour du travail. Elle remet l’accent sur la pertinence du salariat pour éprouver les ressorts de l’activité et les métamorphoses des temporalités. La nouvelle conclusion révèle des prolongements inattendus des débats classiques entre sociologues du travail.
856 4 1 _uhttps://shs.cairn.info/sociologie-du-travail--9782200613938?lang=fr&redirect-ssocas=7080
999 _c2016117
_d2016117